书目信息 |
| 题名: |
2013年国家司法考试直击考点系列图书
|
|
| 作者: | 曹新川 , 邱振启 主编 | |
| 分册: | 商法 经济法 知识产权法 | |
| 出版信息: | 北京 中国政法大学出版社 2013 |
|
| 页数: | 334页 | |
| 开本: | 23cm | |
| 丛书名: | ||
| 单 册: | ||
| 中图分类: | D9 | |
| 科图分类: | ||
| 主题词: | 法律--Fa Lv--考核--自学参考资料 , 商法--Shang Fa--考核--自学参考资料 , 经济法--Jing Ji Fa--考核--自学参考资料 , 知识产权法--Zhi Shi Chan Quan Fa--考核--自学参考资料 | |
| 电子资源: | ||
| ISBN: | 978-7-5620-4777-3 | |
| 000 | 01070nam0 22002891 450 | |
| 001 | 349732 | |
| 005 | 20161008164448.04 | |
| 010 | @a978-7-5620-4777-3@dCNY38.00 | |
| 100 | @a20130807d2013 em y0chiy50 ea | |
| 101 | 0 | @achi |
| 102 | @aCN@b110000 | |
| 105 | @ay zq 000yy | |
| 106 | @ar | |
| 200 | 1 | @a2013年国家司法考试直击考点系列图书@A2013Nian Guo Jia Si Fa Kao Shi Zhi Ji Kao Dian Xi Lie Tu Shu@i商法 经济法 知识产权法@f曹新川,邱振启主编 |
| 210 | @a北京@c中国政法大学出版社@d2013 | |
| 215 | @a334页@d23cm | |
| 304 | @a众合教育组编 | |
| 330 | @a本书由商法、经济法、知识产权法三部分组成,包括:公司法总论、竞争法、银行业法、劳动法、环境保护法、著作权法、商标法等。 | |
| 606 | 0 | @a法律@AFa Lv@x考核@j自学参考资料 |
| 606 | 0 | @a商法@AShang Fa@x考核@j自学参考资料 |
| 606 | 0 | @a经济法@AJing Ji Fa@x考核@j自学参考资料 |
| 606 | 0 | @a知识产权法@AZhi Shi Chan Quan Fa@x考核@j自学参考资料 |
| 690 | @aD9@v5 | |
| 701 | 0 | @a曹新川@ACao Xin Chuan@4主编 |
| 701 | 0 | @a邱振启@AQiu Zhen Qi@4主编 |
| 801 | 0 | @aCN@bTANGWEI@20160730 |
| 905 | @b0886485-9@dD9@e584@f5 | |
| 2013年国家司法考试直击考点系列图书.商法 经济法 知识产权法/曹新川,邱振启主编 .-北京:中国政法大学出版社,2013 |
| 334页;23cm |
| ISBN 978-7-5620-4777-3:CNY38.00 |
| 本书由商法、经济法、知识产权法三部分组成,包括:公司法总论、竞争法、银行业法、劳动法、环境保护法、著作权法、商标法等。 |
| ● |
| 相关链接 |
|
|
|
|
正题名:2013年国家司法考试直击考点系列图书
索取号:D9/584
 
预约/预借
| 序号 | 登录号 | 条形码 | 馆藏地/架位号 | 状态 | 备注 |
| 1 | 0886485 | 208864852 | 第一样本阅览室/ [索取号:D9/584] | 在馆 | |
| 2 | 0886486 | 208864861 | 密集书库-史法系/ [索取号:D9/584] | 在馆 | |
| 3 | 0886487 | 208864870 | 第一借阅区/ [索取号:D9/584] | 在馆 | |
| 4 | 0886488 | 208864889 | 第一借阅区/ [索取号:D9/584] | 在馆 | |
| 5 | 0886489 | 208864898 | 第一借阅区/ [索取号:D9/584] | 在馆 |